000 00431nam a2200181Ia 4500
008 221030s9999 xx 000 0 und d
020 _a812032823x
041 _aEnglish
082 _a105.23
_bSte
100 _aW. R. Stevens
245 0 _aUnix Network Programming
_cby W. R. Stevens, B. Fenner
250 _a3rd
260 _bPHI
_aNew Delhi
_c2006
300 _a991
650 _aComputers
700 _aB. Fenner
942 _cBK
999 _c486
_d486